000 00596nam a2200229Ia 4500
003 OSt
005 20221007071933.0
006 a|||||r|||| 00| 0
007 ta
008 221006b |||||||| |||| 00| 0 eng d
024 _a12,707
037 _cTextual
040 _aFLL
_cFLL
_beng
041 _2eng
_aeng
082 _aV3:2:9Z, L2
100 _aHarvey J. Au.
_9689709
245 0 _aBritish constitution
260 _aLondon
_bMacmillan press London
_c1972
300 _aviii,585p
_ccm.
942 _hV3:2:9Z, L2
_cTEXL
_2CC
999 _c1144721
_d1144721